000 03895nam a22005415i 4500
001 978-3-319-53091-8
003 DE-He213
005 20210118122316.0
007 cr nn 008mamaa
008 170505s2017 gw | s |||| 0|eng d
020 _a9783319530918
_9978-3-319-53091-8
024 7 _a10.1007/978-3-319-53091-8
_2doi
050 4 _aRC799-869
072 7 _aMJH
_2bicssc
072 7 _aMED031000
_2bisacsh
072 7 _aMJH
_2thema
082 0 4 _a616.33
_223
245 1 0 _aPancreatology
_h[electronic resource] :
_bA Clinical Casebook /
_cedited by Timothy B. Gardner, Kerrington D. Smith.
250 _a1st ed. 2017.
264 1 _aCham :
_bSpringer International Publishing :
_bImprint: Springer,
_c2017.
300 _aX, 193 p. 21 illus., 6 illus. in color.
_bonline resource.
336 _atext
_btxt
_2rdacontent
337 _acomputer
_bc
_2rdamedia
338 _aonline resource
_bcr
_2rdacarrier
347 _atext file
_bPDF
_2rda
505 0 _aRisk Factors for Acute and Chronic Pancreatitis -- Hereditary Pancreatitis -- Hospital Management of Acute Pancreatitis -- Acute Biliary Pancreatitis -- Classification and Management of Pancreatic Cysts -- Medical and Endoscopic Management of Chronic Pancreatitis -- Complications of Acute Pancreatitis -- Endoscopic Therapy for Complications of Acute Pancreatitis -- Autoimmune Pancreatitis -- Diagnosis of and Screening for Pancreatic Malignancy -- Hereditary Pancreatic Cancer -- Optimizing Nutrition for the Patient after Pancreaticoduodenectomy: Pancreatic Insufficiency -- Palliative Care and Pancreatic Disease -- Staging Diagnostic Laparoscopy for Localized Pancreatic Cancer -- Neoadjuvant Multimodality Therapy for Borderline Resectable Pancreatic Head Cancer -- Drainage and Resection Surgery for Pancreatitis -- Pancreatectomy with Islet Autotransplant. .
520 _aThis clinical casebook provides a comprehensive yet concise state-of-the-art review of pancreatic disease. Presented in a case-based format, each case focuses on a different varient of pancreatic disease and pancreatic cancer, with sections on diagnosis and early detection, management of the disease, and treatment of complications from the disease. The role of neoadjuvant therapy for pancreatic cancer and emerging treatment algorithms for chronic pancreatitis are also highlighted in the text. Written by experts in the field, Pancreatology: A Clinical Casebook is a valuable resource for clinicians, surgeons, and researchers interested in caring for patients with pancreatic disease. .
650 0 _aGastroenterology .
650 0 _aHepatology.
650 1 4 _aGastroenterology.
_0http://scigraph.springernature.com/things/product-market-codes/H33061
650 2 4 _aHepatology.
_0http://scigraph.springernature.com/things/product-market-codes/H33088
700 1 _aGardner, Timothy B.
_eeditor.
_4edt
_4http://id.loc.gov/vocabulary/relators/edt
700 1 _aSmith, Kerrington D.
_eeditor.
_4edt
_4http://id.loc.gov/vocabulary/relators/edt
710 2 _aSpringerLink (Online service)
773 0 _tSpringer eBooks
776 0 8 _iPrinted edition:
_z9783319530901
776 0 8 _iPrinted edition:
_z9783319530925
856 4 0 _uhttps://doi.org/10.1007/978-3-319-53091-8
912 _aZDB-2-SME
999 _c445584
_d445584
942 _cEB
506 _aAvailable to subscribing member institutions only. Доступно лише організаціям членам підписки.
506 _fOnline access from local network of NaUOA.
506 _fOnline access with authorization at https://link.springer.com/
506 _fОнлайн-доступ з локальної мережі НаУОА.
506 _fОнлайн доступ з авторизацією на https://link.springer.com/